[Event "Bundesliga 0506"]
[Site "Germany"]
[Date "2006.02.18"]
[Round "10.7"]
[White "Souleidis, Georgios"]
[Black "Van den Doel, Erik"]
[Result "1/2-1/2"]
[WhiteElo "2421"]
[BlackElo "2582"]
[Annotator "Lukacs,P"]
[PlyCount "119"]
[EventDate "2005.10.21"]
[EventType "team-tourn"]
[EventRounds "15"]
[EventCountry "GER"]
[SourceTitle "CBM 112"]
[Source "ChessBase"]
[SourceDate "2006.06.07"]
[SourceVersion "1"]
[SourceVersionDate "2006.06.07"]
[SourceQuality "1"]
[WhiteTeam "Katernberg"]
[BlackTeam "Porz"]
[WhiteTeamCountry "GER"]
[BlackTeamCountry "GER"]

1. e4 e5 2. Nf3 Nc6 3. Bc4 Nf6 4. d3 Be7 5. O-O O-O 6. Bb3 d6 7. c3 Na5 8. Bc2
c5 9. Re1 Nc6 10. Nbd2 (10. h3 {This is a typical preparatory move in the Ruy
Lopez.} Qc7 $142 {against d4.} (10... h6 $6 {forgets about White's real threat.
} 11. d4 {White has to grab the |^ in the [+]. Here we see the idea of 10.h3,
there is no threat of Bg4.} cxd4 12. cxd4 b6 (12... Qb6 13. d5 Nb4 14. Ba4 Qa6
15. Re3 {defending >< d3.} b5 16. Bb3 {Now the has to retire.} Qb7 17. a3 Na6
18. Bc2 {/\ b4 killing the N on a6.} b4 {weakening the light squares, but
forced from strategical point of view.} 19. Nbd2 Bd7 20. Nf1 (20. Nb3 $5 {
Perhaps the N belongs to the <<.}) 20... Rac8 21. Bd2 Bd8 22. Ng3 Bb6 23. Re2
bxa3 24. bxa3 $14 {Kudrin-Finegold, Lloyds Bank op 1988}) 13. Nc3 Bb7 14. d5
Nb4 15. Bb1 {Now the position is similar to the Ruy Lopez Panov Attack.} Qd7
16. a3 Na6 17. b4 {Black's bishops and the a6 N are poorly placed.} Rfc8 18.
Bd2 Nc7 19. Bd3 (19. a4 $5 $14) 19... Ba6 20. Bxa6 Nxa6 21. Qe2 Qb7 22. Rec1
Nc7 $14 {Yudasin-Piket, ISR-NLD m rapid 1995}) 11. Nbd2 d5 (11... Be6 12. Bb3 (
12. Ng5 $5 Bd7 13. Nc4 h6 14. Nf3 Be6 15. Qe2 (15. a4 Nxe4 $1) 15... b5 $13)
12... h6 13. Nc4 Rad8 14. Qe2 Rfe8 15. Ne3 d5 {Black grabs the |^ in the [+].}
16. Nf1 {White has made some sophisticated manoeuvres, while Black has
strengthened his position.} Bf8 17. Ba4 Bd6 18. Ng3 a6 19. Nh4 b5 20. Bc2 Bf8
21. Nhf5 Kh8 22. Qf3 Ng8 $13 {Sax-Beliavsky, Sarajevo, 1982}) 12. Nf1 dxe4 (
12... Rd8 {is met by} 13. exd5 Nxd5 14. Qe2 {and White has some pressure
against >< e5.} Bf6 (14... f6 15. Ng3 Be6 {The B is undefended here, which
helps for the push d4.} 16. Qe4 g6 (16... Qd7 17. d4 $1 f5 18. Qe2 e4 19. Nxe4
$1 $16) 17. Bh6 $36) 15. Ng3 $14) 13. dxe4 Rd8 (13... Be6 14. Ne3 Rad8 15. Qe2
h6 16. Nf5) 14. Qe2 h6 15. Ne3 {White's real target is >< d5 now.} (15. Ng3 Be6
16. Nh4 c4 17. Ngf5 Bf8 18. Qf3 Nh7 19. Qg4 Kh8 20. Re3 {White cannot attack
only with pieces in this type of position.} g6 21. Rg3 Nf6 22. Nxg6+ {
Desperation, but White has forced himself into this situation.} fxg6 23. Qxg6
Qf7 $17 {Reyer-Von Buelow, Oberliga Nord 1998}) 15... Be6 16. Nh2 {/\ Nhg4} (
16. Nf5 Bf8) 16... c4 17. Nhg4 Nxg4 18. hxg4 (18. Nxg4 Rd7 $11) 18... Bg5 $5 (
18... Bc5 $6 19. Nd5 $1 {opening up the /^ for the "spanish" B.} (19. Nf5 f6)
19... Bxd5 20. exd5 Rxd5 21. g5 $1 (21. Qe4 {immediately is parried by} Rad8
22. Qh7+ Kf8 23. g5 (23. Qh8+ Ke7 24. Qxg7 Qb6) 23... Qb6 $132) 21... hxg5 22.
Qe4 $1 Qb6 23. Qh7+ Kf8 24. Qh8+ Ke7 25. Bxg5+ Kd6 26. Qxa8 Bxf2+ 27. Kf1 Bxe1
28. Rxe1 $18) (18... Bf6 $5 19. Nf5 (19. Nxc4 $6 {runs into} Nd4 20. cxd4 Bxc4
$15) (19. Nd5 $6 {is now inferior due to} Bxd5 20. exd5 Ne7 $1) 19... b5 20.
Qf3 Bg5 $11) 19. Nd5 $1 Bxd5 20. Bxg5 (20. exd5 Rxd5 $1 (20... Bxc1 21. Raxc1
Rxd5 22. Qe4 $40) 21. Bxg5 hxg5 $13) 20... hxg5 21. exd5 Rxd5 22. Qe4 {
(Nikac-Bokan, JUG-chT Cetinje 1992)} Rd2 $1 23. Qh7+ Kf8 24. Qh8+ Ke7 25. Qxa8
Qb6 26. Re3 Rd8 27. Qxd8+ Qxd8 28. Ba4 f6 $11) (10. a3 b5 (10... a5 11. a4 $1 {
gaining control over the light squares.}) 11. h3 Qc7 12. Nbd2 Be6 13. d4 cxd4
14. cxd4 exd4 15. Nb3 Bxb3 (15... d5 16. exd5 Bxd5 17. Nfxd4 Nxd4 18. Nxd4 Qb7
19. Nf5 $36) 16. Bxb3 Qb6 {Black can hold his P for a while, and White has
compensation for it, but not more than that.} 17. Bf4 Nd7 (17... Rac8 18. Bd5 (
18. Rc1 Rfe8 19. Ng5 (19. Bd5 a6 $11) 19... Rf8 $11) 18... Rfe8 19. Bxc6 Rxc6
$11) 18. Bd5 $44 {Gomez Baillo-Morovic, Santiago zt 1989}) 10... Re8 (10... Bg4
$6 {In a d3 system this pinning move is not strong enough.} 11. h3 (11. Nf1 d5
12. exd5 (12. Ne3 Bh5) 12... Qxd5 13. Ne3 Bxf3 14. Nxd5 Bxd1 15. Nxe7+ Nxe7 16.
Bxd1 $14 {^^}) 11... Bh5 {The B is out of play on this /^.} (11... Be6 {
loses a tempo.}) (11... Bxf3 12. Qxf3 {gives up the ^^.}) 12. Nf1 (12. g4 Bg6
13. Nh4 $14 {and the B is dead on g6.}) 12... Ne8 {This is a passive plan, but
the idea is to get rid of the bad dark-squared B.} (12... d5 13. g4 $5 (13. Ng3
) 13... dxe4 14. dxe4 Bg6 (14... Qxd1 15. Rxd1 Bg6 16. Ng3 Rfd8 17. Be3 $14)
15. Qe2 Qc7 16. Ng3 {>< f5.}) 13. Ng3 (13. g4 {White doesn't want to allow the
exchanges with a space advantage like that.} Bg6 14. Ng3 d5 (14... Nc7 {
/\ Ne6 fighting for the dark squares deserved attention.}) 15. Bb3 {Now White
activates his passive B on the a2-g8 /^.} d4 (15... Nc7 $2 16. exd5 Nxd5 17.
Nxe5 Nxe5 18. Rxe5 $18) (15... dxe4 16. dxe4 $14) 16. Bd5 {Suddenly the B
became very powerful, Nevednichy-Negulescu, Iasi 1999 CBM 75.}) 13... Bxf3 14.
Qxf3 Bg5 {This is the main idea.} 15. Bb3 $14) (10... Be6 11. Nf1 (11. Ng5 Bg4
$13)) 11. h3 (11. Nf1 h6 12. a3 (12. Ng3 Bf8 13. Nf5 $6 {founders on the
central push.} d5 $17) 12... Bf8 13. b4 d5 14. exd5 Nxd5 15. Bb2 Nf4 $13 {
Ivanchuk-P.Nikolic, Monte Carlo 1996}) (11. a3 {/\ b4} Bf8 12. b4 g6 {Black
ignores White's efforts gaining space on the <<.} (12... a6 13. Bb2 Bg4 {
This pin is usually not dangerous.} 14. h3 Bh5 15. Qb1 Bg6 16. d4 exd4 17. cxd4
cxd4 (17... cxb4 18. d5) 18. Nxd4 $14 {Kapengut-Arlandi, Reggio Emilia 1992})
13. Ba4 (13. b5 Na5 14. Nf1 $5 (14. d4 Bg7 15. Bb2 Qc7 $13)) 13... cxb4 (13...
d5 $6 14. exd5 Nxd5 15. Ne4 cxb4 16. axb4 {- 13..cxb4}) (13... Bd7 14. Nc4 cxb4
15. axb4 {- 13...cxb4}) 14. axb4 Bd7 (14... d5 $6 {opens the position for
White's favour.} 15. exd5 (15. b5) 15... Nxd5 16. Ne4 Bg7 17. b5 $16) 15. Nc4
h6 16. b5 (16. Be3 Ng4 $1 17. Bd2 (17. h3 Nxe3 18. Nxe3 Bg7 $13) 17... a6 18.
b5 Na7 (18... axb5 19. Bxb5 Qc7 20. Qe2 $14 {and Black has a slightly worse P
structure.}) 19. b6 Bxa4 20. Qxa4 Nc6 {Now the situation has been changed, and
Black has no real problems.} 21. Ne3 Nxe3 22. Bxe3 Qd7 (22... d5 $13) 23. Nd2
d5 $13 {Tiviakov-Bruzon Bautista, Mallorca 2004 CBM 104}) 16... Na5 17. Ne3 $14
{looked more forcing.}) 11... h6 12. Nf1 (12. a3 $5 {/\ b4}) 12... Bf8 13. Ne3
(13. d4 Qc7 (13... exd4 14. cxd4 cxd4 15. Nxd4 g6 {/\ Bg7 is the typical Ruy
Lopez solution.}) 14. d5 (14. Ne3 $6 exd4 15. cxd4 Nxd4 16. Nxd4 cxd4 17. Qxd4
d5 $1 {This is the point!} 18. exd5 Rxe3 $1 $17 {Miljanic-Lazic, JUG-ch
Kladovo 1990}) 14... Ne7 $13 {with a complicated Ruy Lopez middlegame.}) (13.
N3h2 d5 {Black has to grab the |^ in the [+].} 14. Qf3 d4 15. Bb3 (15. Ng3 g6
16. Bb3 {Otherwise the B remains utterly passive.} Be6 17. Bxe6 Rxe6 18. c4 Rb8
{/\ b5, Black has counterchances on the <<.} 19. Bd2 b5 20. cxb5 Rxb5 21. b3 a5
$13 {Yudasin-P.Nikolic, Tilburg 1993}) 15... Na5 16. Ba4 Bd7 17. Bxd7 {White
is happy to get rid of his bad B.} Nxd7 18. c4 a6 19. Ng3 b5 20. b3 g6 21. Ng4
Qh4 22. Bd2 Nc6 23. Rec1 Bg7 $13 {Nevednichy-Beliavsky, Herceg Novi 2001}) (13.
Ng3 d5 (13... Be6 {- Kobalija-Atalik, Istanbul 2003 CBM 96}) 14. exd5 Qxd5 15.
Bb3 Qd6 16. Ne4 Nxe4 17. dxe4 Be6 {The white N is too far from ><d5.} 18. Be3
Qc7 19. Bxe6 Rxe6 20. Qe2 Rd8 21. Red1 Red6 {1/2-1/2 Gavrikov-Arlandi, Reggio
Emilia 1992}) 13... Be6 (13... g6 14. Bb3 (14. Nh2 {/\ Nhg4} Be6 15. Nhg4 Nd7 {
/\ h5 and the N has to retreat.} 16. Bb3 h5 17. Nh2 Nb6 18. Bxe6 Rxe6 19. Nd5
Bg7 20. Nf3 Re8 21. Nxb6 {White has to give up his stronghold on d5.} Qxb6 22.
Qe2 Qd8 {1/2-1/2 Volzhin-Malaniuk, Minsk 1997}) 14... Bg7 15. Nh2 Be6 16. Neg4
Nxg4 17. Nxg4 Kh7 18. Ne3 Qd7 19. Bd2 Ne7 20. Bxe6 fxe6 $11 {strengthening the
[+] and opening the f <->, Kobalija-Onischuk, Biel 1997.}) 14. Nh2 d5 {Black
counterattack in the centre balances White's >> activity.} 15. Nhg4 d4 $5 (
15... Nxg4 $142 16. Nxg4 (16. hxg4 d4 17. Nf5 c4) 16... d4 17. Bb3 {White has
to exchange the passive light-squared B.} Bxb3 18. axb3 a5 19. Qf3 Re6 $13) 16.
Nf5 (16. Nxf6+ Qxf6 17. Nd5 Qd8 18. Qf3 b5 $13) 16... b5 17. Qf3 (17. Bb3 $142
{activating the passive P.} Rc8 (17... c4 18. dxc4) (17... Bxf5 18. exf5 dxc3
19. bxc3) 18. Bxe6 fxe6 19. Ng3 c4 20. dxc4 bxc4 21. Qf3 Kh7 $13 (21... Rb8 22.
Bxh6 $1)) 17... Nxg4 18. hxg4 (18. Qxg4 Kh7) 18... Qa5 $1 {Black's |^ in the 
[+] and the << is more important than White's >> activity.} 19. Bd2 (19. g5
dxc3 20. gxh6 g6 $17) 19... dxc3 20. bxc3 (20. Bxc3 Qd8) 20... Nd4 $1 {Now
Black grabs the |^.} 21. Qd1 Nxc2 22. Qxc2 Qa4 (22... c4 23. d4 Qc7 $15) (22...
b4 23. c4 Qc7 $15) 23. Qxa4 bxa4 24. Red1 (24. Be3 Rad8) 24... Red8 25. Be1 (
25. Be3 Rab8 $36) 25... Rd7 $15 {Black's ^^ will be important later, >< d3 is
also weak.} 26. Rd2 Rad8 27. Rad1 g6 (27... Bxf5 28. gxf5 Be7 29. Kf1 Bg5 30.
Rb2 c4 $15) 28. Ne3 Be7 29. f3 Bg5 30. Kf2 {[#]} c4 $2 {This allows White to
get rid of his weakness on d3.} (30... Rb7 31. Ke2 a3 $17 {and White is tied
up completely.}) 31. d4 $1 exd4 32. Rxd4 {suddenly Black has problems with his
weak pawns.} (32. cxd4 c3 33. Rc2 Rxd4 34. Rxd4 Rxd4 35. Bxc3 Rd3 36. Bd2 {
and White holds.}) 32... Be7 (32... Kf8) 33. Ke2 Bc5 34. Rxd7 Rxd7 35. Rxd7
Bxd7 36. Nd5 (36. Nxc4 {also wins a P and the doubled a pawns are weak.} Be6
37. Kd3 Kg7 38. Bg3 f6 39. Bc7 h5 40. gxh5 gxh5 41. Ba5 $16) 36... Bb5 37. Bf2
Ba3 38. Bxa7 Bb2 39. Bd4 $6 (39. Ke3 $1 {bringing the K in the [+] would gain
more material.} a3 40. Kd4 $18) 39... a3 $1 {/\ Ba4-b3 with a serious
counterplay.} 40. Kd2 Ba4 $1 {/\ Bb3} (40... Kf8 41. Bc5+ Kg7 42. Ne3 $18) 41.
Bc5 (41. Ne3 Bb3 $1) 41... Kg7 42. Ne3 Kf6 (42... Bb3 43. Bxa3 $1 Bxa3 44. axb3
cxb3 45. Nc4 Bc5 46. Kc1 Kf6 47. Kb2 $18) 43. f4 $5 (43. Nxc4 Bb3 44. Nxa3 $1 (
44. Bxa3 Bxc4 45. Bxb2 Bxa2 $11) 44... Bxa2 (44... Bxa3 $2 45. Bd4+) 45. Nc2
$16 {and the b2 B can be exchanged.}) 43... Bc6 $1 (43... Bb3 44. e5+ Ke6 45.
axb3 cxb3 46. f5+ Kd7 47. Bxa3 Bxa3 48. Nc4 Bc5 49. Kc1 Kc6 50. Kb2 Kd5 51.
Kxb3 $18) 44. e5+ Ke6 45. g3 {[%mdl 4096]} (45. Bd6 {/\ f5} Be4 46. Nxc4 f6 (
46... Bxg2 47. f5+) 47. g3 fxe5 $14) 45... Ba4 $1 (45... Be4 46. Nxc4 Kd5 47.
Bxa3 Kxc4 48. Bxb2 {White can create too many passed pawns in the ^- _|_.} Bb1
(48... Bf3 49. f5 gxf5 (49... Bxg4 50. e6) 50. gxf5 Bg4 51. e6 fxe6 52. f6 Bh5
53. Ke3 $18) 49. a4 $1 Kb3 50. a5 $1 Kxb2 51. a6 Be4 52. a7 Kb3 53. f5 $18) 46.
Bf8 (46. Nxc4 {is met by the standard} Bb3 $1 (46... Kd5 $2 47. Nb6+ $18) 47.
Nxa3 Bxa3 48. Bxa3 Bxa2 49. Bf8 h5 50. gxh5 gxh5 51. Ke3 Kd5 $11 {and Black
can build up an impregnable blockade.}) 46... Bb3 $1 (46... h5 47. f5+ $1 Kxe5
(47... Kd7 48. e6+ $18) 48. Nxc4+ Ke4 49. Nd6+ Kf3 50. Nxf7 Bb3 51. fxg6 Bxa2
52. gxh5 Bd5 53. Bxa3 Bxa3 54. h6 Bf8 55. h7 Bg7 56. c4 $1 $18) 47. Nc2 (47.
f5+ Kd7 48. Bxa3 Bxa3 49. axb3 cxb3 {This o^ creates enough counterplay.} 50.
Nc4 (50. Kd3 Bc5 51. Nd1 gxf5 52. gxf5 h5) 50... Bc5 51. Kc1 $1 h5 $1 {
creating a new o^ on h5!} (51... Bf2 52. Nd6 (52. Kb2 Bxg3) 52... Ke7 53. Ne4)
52. gxh5 gxh5 53. Kb2 Bf2 54. Nd6 Bxg3 55. Nxf7 Ke7 56. e6 h4 57. Ng5 Bf4 58.
Nh3 Bd6 59. Kxb3 Kf6 60. Kc4 Ke5 $5 (60... Kxf5 61. Kd5 Be7 62. c4 Bf8 $1 63.
c5 $140 Bxc5 $11)) (47. axb3 cxb3 $1 (47... a2 48. Nc2 cxb3 49. Nd4+ Kd5 50.
Nxb3 Kc4 51. Kc2 Bxc3 52. Bg7 a1=Q $140 53. Nxa1 Bxa1 54. e6 $1 $18) 48. f5+
Kd7 49. Bxa3 Bxa3 {- 47.f5}) 47... Bxc2 48. Kxc2 h5 49. gxh5 gxh5 $11 {White's
pawns are on the colour of the B.} 50. Kd2 f6 (50... Kf5) 51. exf6 (51. Bg7
fxe5 52. Bxe5 Kf5) 51... Kxf6 52. Bb4 Kf5 53. Ke3 Bc1+ (53... Kg4 54. Ke4) 54.
Kd4 Kg4 55. Bd6 Bd2 56. f5 (56. Bxa3 Be1 57. f5 Kxf5 58. Bd6 Ke6 59. Bf4 h4 60.
gxh4 Bxh4 61. Kxc4 Bf6 62. a4 Bxc3 $11) 56... Kxf5 57. Bxa3 Ke6 58. Bc5 Be1 59.
a4 Bxg3 60. a5 1/2-1/2

[Event "Enghien les Bains 4th"]
[Site "Enghien les Bains"]
[Date "2001.04.20"]
[Round "9"]
[White "Bologan, Viktor"]
[Black "Fressinet, Laurent"]
[Result "0-1"]
[WhiteElo "2676"]
[BlackElo "2575"]
[Annotator "Lukacs,P"]
[PlyCount "86"]
[EventDate "2001.04.11"]
[EventType "tourn"]
[EventRounds "9"]
[EventCountry "FRA"]
[EventCategory "17"]
[SourceTitle "CBM 083"]
[Source "ChessBase"]
[SourceDate "2001.07.05"]
[SourceVersion "1"]
[SourceVersionDate "2001.07.05"]
[SourceQuality "1"]

1. e4 e5 2. Bc4 Nf6 3. d3 Nc6 4. Nf3 Be7 5. O-O O-O 6. Re1 d6 7. c3 Bg4 {
Usually this move is not so effective in the open games when instead of d4 d3
comes.} (7... Na5 8. Bb5 a6 9. Ba4 b5 10. Bc2 c5 {transposes to the Ruy Lopez
giving Black enough counterplay.}) 8. Nbd2 d5 {This is a risky operation,
because Black has already lost a tempo.} 9. exd5 (9. Bb5 {is the other way to
put pressure on >< e5.} dxe4 {avoids the big pressure on >< e5, but gives up
the tension in the [+].} (9... Bc5 10. h3 Bh5 {(Milosevic-Boog, SWZ-chT 1991)}
11. exd5 Nxd5 $5 (11... Qxd5 12. Qb3 Qxb3 13. axb3 $16) 12. Bxc6 bxc6 13. Rxe5
(13. g4 {weakens the >> unnecessary, and therefore gives Black chances for an
->.} Nf4 $1 14. gxh5 Nxh3+ 15. Kh2 Nxf2 16. Qa4 Nxd3 17. Re2 Qd7 $44) 13... f5
14. Nf1 (14. Qa4 Bd6 15. Re1 Qf6 16. d4 Nf4 $40) 14... Qf6 15. Re1 $14) 10.
dxe4 (10. Bxc6 bxc6 11. Nxe4 Nd7) 10... Nd7 11. Nc4 (11. Bxc6 bxc6 12. Nc4 $14)
11... Bf6 (11... Ncb8 $2 {This move is hard to praise.} 12. Ncxe5 Nxe5 13. Qxd8
Nxf3+ 14. gxf3 Rxd8 15. fxg4 a6 16. Ba4 Nd7 17. Bxd7 (17. Bf4 Nc5 18. Bc2 Ne6
19. Be3 Bd6 {gets control over the vital >< f4.} 20. Rad1 Bf4 21. Bxf4 Nxf4 {
with an excellent N on f4.} 22. f3 $14 {Krys-Votava, CZE 1999}) 17... Rxd7 18.
Be3 {White is a healthy P up in the _|_.} Rad8 19. Kf1 $16) 12. Ne3 $14) 9...
Nxd5 10. h3 Bh5 {This P sacrifice leads to the critical position here.} (10...
Bxf3 11. Nxf3 $14 {is simply better because of the pressure on e5 and the ^^.})
11. Ne4 (11. g4 $5 {was the real question, for example:} Bg6 12. Nxe5 Nxe5 13.
Rxe5 Nb6 (13... Nf4 $2 14. Qf3 Nxd3 15. Bxd3 Bxd3 16. Rd5 $18) 14. d4 (14. Re1
Nxc4 15. Nxc4 Bxd3 16. Rxe7 Bxc4 17. Qxd8 Rfxd8 18. Bf4 Rac8 $14) 14... Bd6 15.
Re1 Nxc4 (15... Qh4 16. Bf1 $16) 16. Nxc4 Qh4 17. Nxd6 cxd6 18. Qf3 $16 {
and it is hard to show anything real for the sacrificed P.}) 11... Nb6 (11...
Bg6 12. Bb5 {This is the main threat to attack >< e5.} (12. Ng3 Bf6) 12... Bd6
13. Bxc6 $1 (13. Nxd6 cxd6) (13. Qb3 Nb6 14. Bg5 Qd7 15. Nh4 a6 {(1/2-1/2
Emms-Rosentalis, Politiken Cup 1996)} 16. Nxg6 hxg6 17. Bxc6 Qxc6 18. d4 exd4
19. Nxd6 cxd6 20. cxd4 Rfe8 21. Rac1 $14) 13... bxc6 14. c4 Bxe4 (14... Nf6 15.
Bg5 $14) 15. dxe4 $14 {with a better P structure for White.}) 12. Bb3 (12. Bb5
{is already met by the simple} f6) 12... Bg6 13. a4 $1 (13. Be3 Nd5) (13. Qe2
Qd7) 13... a5 (13... Re8 $6 {allows the advance on the <<.} 14. a5 Nd5 15. Ba4
$16) 14. Be3 Nd5 15. Bc4 Kh8 {Soon or later the f P will advance, so it is
logical to avoid the pin on the a2-g8 /^.} (15... Nxe3 16. Rxe3 Kh8 17. Bb5 f6
(17... f5 $6 18. Bxc6 bxc6 19. Ned2 {leaves the >< e5 unprotected.} f4 20. Re1
$1 Bf6 21. Nc4 Qxd3 22. Ncxe5 $16) 18. Nh4 (18. Bxc6 bxc6 19. Nh4 Bf7 20. Nf5
Rb8 $1 21. Qg4 Rg8) 18... Bxe4 (18... Bf7 19. Nf5) 19. dxe4 $14 {with some
pressure on the light squares.}) 16. Qb3 Nxe3 17. Rxe3 f5 $2 {Black clearly
overestimates his chances.} ({The quiet} 17... Rb8 $11 {was required with
level chances.}) 18. Ned2 Bc5 (18... Qd6 19. Bd5 $16) 19. Rxe5 $2 {This is a
light-hearted positional exchange sacrifice. Both players fight for the |^ at
any cost, retreat is a shame?!} (19. Re2 $142 Qf6 $1 (19... Qd6 20. Bd5 Rae8
21. Rae1 {with a total pressure on >< e5.} Bh5 22. Bxc6 $16) (19... Bh5 20.
Qxb7 Rf6 21. Nxe5 $1 Bxe2 22. Qxc6 $1 $18) 20. d4 $1 {opening up the e <-> for
penetration.} (20. Qxb7 $2 {loses the Q after} Rfb8 21. Qxc7 Ra7 $17) ({
The "normal" continuation of the plan by} 20. Rae1 {is met by the pin after}
Bh5 21. Bd5 $5 (21. d4 e4 $1 22. dxc5 exf3 23. Nxf3 Bxf3 24. gxf3 Qg5+ 25. Kh1
Qh6 $11) 21... Rab8 22. Nc4 (22. Qb5 Bd6) 22... e4 23. dxe4 Bxf3 24. e5 $1 (24.
gxf3 Ne5 {ruining the shelter of the white K.}) 24... Nxe5 25. Rxe5 Bxd5 26.
Rxd5 b6 $11) 20... exd4 (20... Bxd4 $5 21. cxd4 e4 22. d5 exf3 23. Re6 $1 (23.
Nxf3 Nd4 24. Nxd4 Qxd4 $11) 23... Qd8 24. Nxf3 $1 {and Black has to give up
the [+].} (24. dxc6 Qxd2 25. cxb7 Rab8 26. Qxf3 Qxb2 $11) 24... Nb4 25. Ne5 $16
{with a phantastic centralization of pieces.}) 21. Re6 $1 Qd8 22. Qxb7 {
Now the white pieces destroy the harmony of the black ones.} dxc3 23. bxc3 Ne7
24. Rae1 Rb8 25. Qa6 c6 26. Nb3 $16) 19... Nxe5 20. Nxe5 Bh5 21. Qxb7 $5 (21.
Re1 Bd6 22. Ndf3 Rb8 $15) 21... Rb8 22. Qc6 Bd6 23. Ndf3 (23. Nd7 $6 Be8 $17)
23... Rxb2 24. Bb5 $6 {This allows Black to create an -> on the >> out of the
blue.} (24. d4 $142 Bxf3 25. Qxf3 $1 (25. Nxf3 Rf6) 25... Bxe5 26. dxe5 Qe7 27.
Re1 Rd8 (27... Rfb8 28. e6) 28. e6 $44 {and the strong o^ may save White's
skin.}) 24... Bxf3 $1 25. Nxf3 g5 $1 {[%mdl 128] This is a very strong move
indeed!} 26. Qc4 (26. Nd4 Qf6 $17) 26... Qf6 27. Re1 Rc2 28. d4 g4 $5 {Black
wants to continue the -> without hesitation.} (28... Bb4 {attacking >< c3 was
also promising, for example:} 29. Qxc7 (29. Re6 Qg7 30. Re3 g4 $17) (29. Re3 g4
$17) 29... Rxc3 30. Qe5 g4 $17) 29. Qd3 (29. Qb3 gxf3 $1 30. Qxc2 {- 29.Qd3})
29... gxf3 {This was the main idea to give back the exchange for ->.} 30. Qxc2
Qg5 31. Bf1 (31. g3 $2 Bxg3 $1 $19) 31... Rg8 32. Qc1 Qh4 33. Qd2 Bf4 $2 ({
missing the simple} 33... fxg2 34. Bxg2 Qxh3 35. f3 (35. f4 $2 Bxf4 $19) 35...
Qxf3 36. Re8 Qh5 $17) 34. Qa2 $1 Bd6 (34... fxg2 $6 35. Bxg2 Qg5 36. Qd5 Bd2
37. Re6 Bxc3 38. Re3 Bb4 39. Rg3 $14) 35. Re3 $2 {This is the final mistake.} (
35. Qf7 $1 {was enough for equality.} fxg2 (35... Qg5 36. Re8 $1) 36. Bxg2 Qg5
37. Qd5 Qd2 38. Qe6 Qg5 $11) 35... Qf4 $19 36. g3 {[#]} Rxg3+ $1 {This simple
tactical blow decides the fight.} 37. fxg3 Qxe3+ 38. Qf2 Qxc3 39. h4 c5 $1 40.
Bh3 cxd4 41. Bxf5 Qc1+ 42. Kh2 Qe3 43. Qc2 Qe5 0-1